Cesta domů sólo pro Es alt-saxophon ; Dvacet : sólo pro es alt-saxophon/

Hlavní autor: Havlík, Ferdinand, 1928-2013
Další autoři: Wolf, Alois, 1914-1975
Jazyk: Nelze použít, není lingvistický obsah
Vydáno: Praha : Supraphon, 1970
Vydání: 1. vyd.
Edice: Special Series
Fyzický popis: 40, 7 s.
Hudebniny Hudebniny
Uloženo v:
LEADER 00905ncm a22002652a 4500
001 001098727
003 CZ BrMZK
005 20110411101231.0
007 qu
008 090305s1970 xr |||||r|||||||| zxx d
040 |a BOA001  |b cze 
072 7 |a 788  |x Hudba pro dechové nástroje  |2 Konspekt  |9 9 
100 1 |a Havlík, Ferdinand,  |d 1928-2013  |7 jn19990209218  |4 cmp 
245 1 0 |a Cesta domů  |h [hudebnina] :  |b sólo pro Es alt-saxophon ; Dvacet : sólo pro es alt-saxophon/  |c Ferdinand Havlík ; upravil Alois Wolf 
250 |a 1. vyd. 
260 |a Praha :  |b Supraphon,  |c 1970 
300 |a 40, 7 s. 
490 1 |a Special Series ;  |v 16 
740 0 2 |a Dvacet 
700 1 |a Wolf, Alois,  |d 1914-1975  |7 ola2008434597  |4 arr 
830 0 |a Special Series 
910 |a BOA001  |b Mus3-0637.367 
990 |a MU 
991 |b 201005 
996 6 |b 2619456698  |c Mus3-0637.367  |l MZK  |r Sklad / do 1 hodiny  |n 0  |w 001124754  |u 000010  |a 1  |e BOA001  |j MZK50  |s P